| 000 | 00452nam a2200181 a 4500 | ||
|---|---|---|---|
| 001 | 2190 | ||
| 003 | CO-ViMGA | ||
| 008 | 141112s2004 ck r 000 u spa d | ||
| 040 |
_aCO-ViMGA _bspa _cCO-ViMGA |
||
| 082 | 0 | 4 | _aCo863.44 R671p |
| 100 | 1 | _aRosa, Amira de la | |
| 245 | 1 | 0 | _aProsa |
| 260 |
_aSantafé de Bogotá : _bSimón y Lola Guberek, _c1988 |
||
| 300 | _a206 p | ||
| 490 | _aLiteraria, 27 | ||
| 650 | 1 | 4 | _aPROSA COLOMBIANA |
| 942 |
_2ddc _cBK |
||
| 999 |
_c14295 _d14295 |
||